=LDR 00000nam 2200000 4500 =001 INLIS000000000062315 =005 20230814020655 =035 ##$$a 0010-0723000053 =007 ta =008 230814################g##########0#ind## =020 ##$$a 978-979-670-233-6 =082 ##$$a 297.671 =084 ##$$a 297.671 ASS t =245 ##$$a Terjemahan Maulid Barzanji Dilengkapi dengan nama-nama Pilihan /$c AS-Sayyid Ja'far =250 ##$$a cet 8 =300 ##$$a viii, 166 halaman ; $c 21 cm =650 #4$$a Barzanji =264 ##$$a Bandung :$b Sinar Baru Algensindo,$c 2017 =336 ##$$a teks$2 rdacontent =337 ##$$a tanpa perantara$2 rdamedia =338 ##$$a volume$2 rdacarrier =990 ##$$a 5202300491